Distance Learning in Legal Education Design, Delivery and Recommended Practices /

Bibliographic Details
Main Author: Purdom, Rebecca
Other Authors: Brandes, Greg, Westwood, Karen
Format: eBook
Language:English
Published: Chicago: The Center for Computer - Assisted Legal Instruction (CALI), 2015
Subjects:
Online Access:Acceso restringido

MARC

LEADER 00000nam a22000007a 4500
005 20180501230449.0
007 cr|||| ||||
008 180501s2015 us |||||s|||| 00||0 eng d
035 |a 21517 
040 |a vLex 
090 |c 7869  |d 7869 
100 1 |a Purdom, Rebecca 
245 1 0 |a Distance Learning in Legal Education  |h [Recurso electrn̤ico] :  |b Design, Delivery and Recommended Practices /  |c Rebecca Purdom, Greg Brandes, Karen Westwood 
256 |a Servicio en ln̕ea 
260 |a Chicago:  |b The Center for Computer - Assisted Legal Instruction (CALI),  |c 2015 
300 |a 1 recurso electrn̤ico 
506 1 |a Disponible solo en los productos indicados  |d vLex Global  |d vLex Global (Academic Edition, excluding Law Schools)  |d vLex Global (U.S. Academic Edition, Law Schools)  |d vLex Global (U.S. Academic Edition, excluding Law Schools)  |d vLex Global (Academic Edition, Law Schools) 
650 0 4 |a Ciencias aplicadas  |z Estados Unidos 
700 1 |a Brandes, Greg 
700 1 |a Westwood, Karen 
740 0 |a vLex Libros (Servicio en ln̕ea) 
856 4 0 |u http://vlex.com/source/distance-learning-legal-education-design-delivery-recommended-practices-21517  |z Acceso restringido 
942 |c BOOK 
999 0 |a Applied Science